000
00292nam a22001337a 4500
008
170221b xxu||||| |||| 00| 0 eng d
020
_a
0899706770
041
_a
eng
080
_a
625
100
_a
5
101
_a
SHF
245
_a
DRUG EVALUATION ANNUAL 1995
_c
BENNETT.D.R
942
_2
udc
_c
BK
999
_c
5985
_d
5985